Saltar al contenido
Inicio
Centros participantes
Catálogo
Servicios
Contacto
Prijava
English
Deutsch
Español
Français
Italiano
日本語
Nederlands
Português
Português (Brasil)
中文(简体)
中文(繁體)
Türkçe
עברית
Gaeilge
Cymraeg
Ελληνικά
Català
Euskara
Русский
Čeština
Suomi
Svenska
polski
Dansk
slovenščina
اللغة العربية
বাংলা
Galego
Tiếng Việt
Hrvatski
हिंदी
Հայերէն
Українська
Sámegiella
Jezik
Vsa polja
Naslov
Avtor
Tema
Signatura
ISBN/ISSN
Oznaka
Išči
Napredno
Social - democracia y clases s...
Citiraj
Pošljite email
Natisni
Izvozi zadetek
Izvozi v RefWorks
Izvozi v EndNoteWeb
Izvozi v EndNote
Dodaj v priljubljene
Enlace Permanente
Izvoz končan —
Agregar primera valuación
Social - democracia y clases sociales
Shranjeno v:
Bibliografske podrobnosti
Glavni avtor:
Ungo, Guillermo Manuel
Format:
Texto
Izdano:
Heredia:
CEDAL
Oznake:
Označite
Brez oznak, prvi označite!
Zaloga
Opis
Komentarji
Podobne knjige/članki
Knjižničarski pogled
MARC
LEADER
00000 a a2200000 04500
001
17988
003
040
090
|a
006600
100
|a
Ungo, Guillermo Manuel
245
|a
Social - democracia y clases sociales
260
|a
Heredia:
|b
CEDAL
300
|a
18 p.
999
|c
12671
|d
12671
Podobne knjige/članki
Socialdemocracia y clases sociales
od: Colom Argueta, Manuel
Socialdemocracia y clases sociales [Partido de clase o pluralista?]
od: Alexander, Robert J.
La social democracia y el orden económico
od: Parra E, Néstor Hernando
Notas sobre el universo del café
od: Paz Cárcamo, Guillermo
La socialdemocracia y el movimiento obrero-campesino
od: Jiménez Caballero, Francisco Rodolfo